000 00504nam a2200193Ia 4500
003 GCL
005 20240530095954.0
008 140319s9999 xx 000 0 eng d
040 _aGCL /
_cGCL
082 0 4 _a779
_bM B
100 1 _aMILLER, RICHARD L.
245 1 0 _aBRASSAI: THE ARTISTS OF MY LIFE /
_cMILLER, RICHARD L.
260 _a[S.N] :
_bTHAMES AND HUDSON ،
_c1982
300 _a222 P
650 0 4 _aBRASSAI
650 0 4 _aARTISTS - PHOTOGRAPHS
650 0 4 _aPHOTOGRAPHERS
942 _2ddc
_cBK
999 _c12635
_d12635